• 首页
  • 本馆介绍
  • 公告通知
  • 最新文献
  • 馆藏检索
  • 电子资源
  • 读者导购
  • 参考咨询
  • 我的图书馆
  • 登录
  • 详细信息显示
  • 放入我的书架
  • 预约/预借图书
  • 作者相关作品
  • 分类相关作品
  • 丛书相关作品
  • 出版社相关作品

书目信息

  • 表格格式
  • 工作单格式
  • 卡片格式
题名:
唐代古文运动通论
    
 
作者: 孙昌武 著
分册:  
出版信息: 北京   中华书局  2019
页数: 326页
开本: 22cm
丛书名: 孙昌武文集
单 册:
中图分类: I207.62
科图分类:
主题词: 古典散文--gu dian san wen--古典文学研究--中国--唐代
电子资源:
ISBN: 978-7-101-13026-3
000 00938oam2 2200265 450
001 2131042501
005 20211029202829.0
010    @a978-7-101-13026-3@b精装@dCNY63.00
100    @a20190916d2019 em y0chiy0120 ea
101 0  @achi
102    @aCN@b110000
105    @ay z 000yy
106    @ar
200 1  @a唐代古文运动通论@Atang dai gu wen yun dong tong lun@f孙昌武著
210    @a北京@c中华书局@d2019
215    @a326页@d22cm
225 2  @a孙昌武文集@Asun chang wu wen ji@v2
314    @a版权页题:孙昌武著
330    @a本书共分八章,内容包括:“古文”的含义与渊源、“古文运动”的社会与文学背景、文体革新的兴起、“古文运动”的发展、“古文运动”前期理论主张、“古文”创作的全面繁荣等。
461  0 @12001 @a孙昌武文集
606 0  @a古典散文@Agu dian san wen@x古典文学研究@y中国@z唐代
690    @aI207.62@v5
701  0 @a孙昌武@Asun chang wu@4著
801  0 @aCN@b百万庄@c20211029
905    @b1313031-34@dI207.62@e1034@f4
    
    唐代古文运动通论/孙昌武著.-北京:中华书局,2019
    326页;22cm.-(孙昌武文集;2)
    
    
    ISBN 978-7-101-13026-3(精装):CNY63.00
    本书共分八章,内容包括:“古文”的含义与渊源、“古文运动”的社会与文学背景、文体革新的兴起、“古文运动”的发展、“古文运动”前期理论主张、“古文”创作的全面繁荣等。
●
相关链接 在E读中查询图书 在五车中查询图书 在当当中查询图书 在豆瓣中查询图书


正题名:唐代古文运动通论     索取号:I207.62/1034         预约/预借

序号 登录号 条形码 馆藏地/架位号 状态 备注
1 1313031   213130315   第一样本阅览室/ [索取号:I207.62/1034] 在馆    
2 1313032   213130324   第二借阅区/ [索取号:I207.62/1034] 在馆    
3 1313033   213130333   第二借阅区/ [索取号:I207.62/1034] 在馆    
4 1313034   213130342   第二借阅区/ [索取号:I207.62/1034] 在馆    
唐山师范学院图书馆 欢迎您!
大连网信软件有限公司© 版权所有